00602nam a22001457a 4500003000400000020001800004082001600022100002000038245003200058250000800090260002700098300000800125650002000133653030300153SGT  a9780817684143  a512.788,AND  aANDREESCU, TITU  aCOMPLEX NUMBERS FROM A TO Z  a2ND  aNEW DELHIbBIRKHAUSER   a391  aCOMPLEX NUMBERS  a	 2 COMPLEX NUMBERS IN TRIGONOMETRIC FORM 31 	 3 COMPLEX NUMBERS AND GEOMETRY 57 	 4 MORE ON COMPLEX NUMBERS AND GEOMETRY 96 	 5 OLYMPIAD CALIBER PROBLEMS	175 	 6 ANSWERS HINTS AND SOLUTIONS TO PROPOSED PROBLEMS	277 	 GLOSSARY	377 	 REFERENCES	383 	 AUTHOR INDEX	387 	 SUBJECT INDEX	389 	 COPYRIGHT